000 00621nam a2200241Ia 4500
005 20260320201127.0
008 008 262003s9999 xx 000 0 eng d
037 _aEBOOK
040 _aCRL
040 _beng
040 _cCRL
041 _2eng
041 _aeng
084 _qCRL
100 _aSmith
245 0 _aRadio Frequency Principles and Applications: The Generation, Propagation, and Reception of Signals and Noise
260 _bIEEE
260 _c1998
856 _uhttps://ieeexplore.ieee.org/servlet/opac?bknumber=5264524
942 _cEBOOK
999 _c1719063
_d1719063